Movies Quiz

Random Movies or Quote Quiz

Before the Famous Line Quiz Stats

 Plays Quiz Updated Aug 5, 2016

Score 0/20 Timer 08:00
7 Plays Today
% Correct
You can't handle the truth!
93.4%
I love the smell of napalm in the morning.
91.2%
Bond. James Bond.
91%
Plastics.
89.4%
Frankly my dear, I don't give a damn.
85.1%
I'm as mad as hell, and I'm not going to take this anymore!
81.5%
All right, Mr. DeMille, I'm ready for my close-up.
81.2%
Shut up, just shut up...You had me at hello.
81.1%
Mama always said life was like a box of chocolates. You never know what you're gonna get.
76.8%
I see dead people.
73.5%
% Correct
The stuff that dreams are made of.
71.9%
Well, nobody's perfect.
71.7%
Keep your friends close, but your enemies closer.
69.2%
A boy's best friend is his mother.
68.9%
You talkin' to me?
68.5%
You don't understand! I coulda had class. I coulda been a contender.
67.7%
Love means never having to say you're sorry.
63%
Here's looking at you, kid.
60.6%
I'm going to make him an offer he can't refuse.
51.1%
A census taker once tried to test me. I ate his liver with some fava beans and a nice Chianti.
47.5%

You're not logged in!

Compare scores with friends on all Sporcle quizzes.
OR
Log In

Show Comments

Extras

Top Quizzes Today


Score Distribution

Your Account Isn't Verified!

In order to create a playlist on Sporcle, you need to verify the email address you used during registration. Go to your Sporcle Settings to finish the process.

Report this User

Report this user for behavior that violates our Community Guidelines.

Details: